MARC

LEADER 00000nam0a2200000 4500
001 364522
005 20231102011710.0
035 |a (RuTPU)RU\TPU\retro\21880 
090 |a 364522 
100 |a 20211118d1981 km y0rusy50 ca 
101 0 |a rus 
102 |a UZ 
105 |a a z 001zy 
200 1 |a Редкие элементы в магматических формациях Тянь-Шаня  |f С. И. Ибадуллаев, Б. Р. Махмудов, А. М. Эргешов [и др.]  |g Среднеазиатский научно-исследовательский институт геологии и минерального сырья 
210 |a Ташкент  |c Фан  |d 1981 
215 |a 166 с.  |c ил. 
320 |a Библиогр.: с. 151-165 
606 1 |a Редкие элементы  |x Геохимия  |2 stltpush  |3 (RuTPU)RU\TPU\subj\24247  |9 48650 
606 1 |a Горные породы, магматические  |x Петрография  |2 stltpush  |3 (RuTPU)RU\TPU\subj\66987  |9 82914 
610 1 |a Тянь-Шань 
610 1 |a гранитоиды 
610 1 |a размещение 
610 1 |a рудопроявления 
610 1 |a минералогический состав 
610 1 |a петрогеохимическая характеристика 
610 1 |a методика 
675 |a 550.42:546.3  |v 4 
675 |a 552.3  |v 4 
701 1 |a Ибадуллаев  |b С. И. 
701 1 |a Махмудов  |b Б. Р. 
701 1 |a Эргешов  |b А. М. 
701 1 |a Карабаев  |b М. К. 
701 1 |a Шамсиева  |b М. С. 
701 1 |a Лыков  |b А. И. 
712 0 2 |a Среднеазиатский научно-исследовательский институт геологии и минерального сырья  |c (Ташкент)  |c (1957-1994)  |2 stltpush  |3 (RuTPU)RU\TPU\col\10266  |9 24813 
801 1 |a RU  |b 63413507  |c 20211118 
942 |c BK